Normal view
MARC view
Entry Personal Name
001 - CONTROL NUMBER
- control field: 54738
003 - CONTROL NUMBER IDENTIFIER
- control field: dpl
005 - DATE AND TIME OF LATEST TRANSACTION
- control field: 20130114121823.0
008 - FIXED-LENGTH DATA ELEMENTS
- fixed length control field: 130114|||a|||||| | ||| d
040 ## - CATALOGING SOURCE
- Original cataloging agency: dpl
- Transcribing agency: dpl
100 ## - HEADING--PERSONAL NAME
- Personal name: जैन,उषा "शीरीं"
670 ## - SOURCE DATA FOUND
- Source citation: Work cat.: (dpl)68196: जैन,उषा "शीरीं", बचें बलात्कार की त्रासदी से...हमारी बेटियाँ/, 2012
670 ## - SOURCE DATA FOUND
- Source citation: Work cat.: (dpl)68196: जैन,उषा "शीरीं", बचें बलात्कार की त्रासदी से...हमारी बेटियाँ/, 2012
